000 00252nam a22001097a 4500
008 230703b xxu||||| |||| 00| 0 eng d
082 _a342.02
_bBHA 1986
245 _aWorld Constitutions
260 _bS.K. Ghai
_c1986
300 _a70p
942 _2ddc
_cBK
999 _c3542
_d3542